Стратегический управленческий учет для бизнеса: учебник для вузов

Bibliografski detalji
Daljnji autori: Юрьева Л. В., Илышева Н. Н., Караваева А. В., Быстрова А. Н.
Sažetak:Рассматриваются место и роль стратегического управленческого учета в подготовке экономистов, отвечающих современным требованиям. Излагаются теоретико-методологические подходы к управленческому учету, а также проблемы формирования системы управленческого учета на промышленном предприятии. Особое внимание уделено отраслевому управленческому учету, где рассматриваются особенности классификации и учета затрат на предприятиях черной металлургии, развитие системы управленческого учета на металлургическом предприятии, проблемы и особенности управленческого учета в металлургических холдингах. Рассмотрены стратегический управленческий учет, а также формирование системы конкурентно-сбалансированных показателей в металлургических холдингах. Учебное пособие снабжено примерами, обзором основных понятий и контрольными вопросами. Для студентов вузов, обучающихся по специальности/профилю «Бухгалтерский учет, анализ и аудит», магистрантов, слушателей бизнес-школ, аспирантов, преподавателей, руководителей высшего звена компаний, а также для тех, кто интересуется современным управленческим учетом и менеджментом.
Jezik:ruski
Izdano: Москва, Инфра-М, 2013
Serija:Высшее образование - Магистратура
Teme:
Format: MixedMaterials Knjiga
KOHA link:https://koha.lib.tpu.ru/cgi-bin/koha/opac-detail.pl?biblionumber=241768

MARC

LEADER 00000nam0a2200000 4500
001 241768
005 20231101231836.0
010 |a 9785160055138 
035 |a (RuTPU)RU\TPU\book\263056 
090 |a 241768 
100 |a 20130819d2013 m y0rusy50 ca 
101 0 |a rus 
102 |a RU 
105 |a a j 001zy 
200 1 |a Стратегический управленческий учет для бизнеса  |e учебник для вузов  |f Л. В. Юрьева [и др.] 
210 |a Москва  |c Инфра-М  |d 2013 
215 |a 335 с.  |c ил. 
225 1 |a Высшее образование - Магистратура 
320 |a Библиогр.: с. 328-330. 
330 |a Рассматриваются место и роль стратегического управленческого учета в подготовке экономистов, отвечающих современным требованиям. Излагаются теоретико-методологические подходы к управленческому учету, а также проблемы формирования системы управленческого учета на промышленном предприятии. Особое внимание уделено отраслевому управленческому учету, где рассматриваются особенности классификации и учета затрат на предприятиях черной металлургии, развитие системы управленческого учета на металлургическом предприятии, проблемы и особенности управленческого учета в металлургических холдингах. Рассмотрены стратегический управленческий учет, а также формирование системы конкурентно-сбалансированных показателей в металлургических холдингах. Учебное пособие снабжено примерами, обзором основных понятий и контрольными вопросами. Для студентов вузов, обучающихся по специальности/профилю «Бухгалтерский учет, анализ и аудит», магистрантов, слушателей бизнес-школ, аспирантов, преподавателей, руководителей высшего звена компаний, а также для тех, кто интересуется современным управленческим учетом и менеджментом. 
606 1 |a Управленческий учет  |2 stltpush  |3 (RuTPU)RU\TPU\subj\72673  |9 86082 
610 1 |a стратегический управленческий учет 
610 1 |a бизнес 
610 1 |a методология 
610 1 |a предприятия 
610 1 |a Россия 
610 1 |a затраты 
610 1 |a управление 
610 1 |a расходы 
610 1 |a издержки 
610 1 |a себестоимость 
610 1 |a классификация 
610 1 |a отраслевой учет 
610 1 |a черная металлургия 
610 1 |a металлургические предприятия 
610 1 |a холдинги 
610 1 |a инструментарий 
610 1 |a сбалансированные показатели 
610 1 |a учебники 
675 |a 657.22(075.8)  |v 3 
701 1 |a Юрьева  |b Л. В. 
701 1 |a Илышева  |b Н. Н. 
701 1 |a Караваева  |b А. В. 
701 1 |a Быстрова  |b А. Н. 
801 1 |a RU  |b 63413507  |c 20130819 
801 2 |a RU  |b 63413507  |c 20150708  |g RCR 
900 |a Стратегический менеджмент 
942 |c BK 
951 |b 080100  |l 8.3 
959 |a 109/20130819  |d 2  |e 499,90  |f ЧЗГЛ:1  |f АНЛ:1